000150204 001__ 150204
000150204 005__ 20251017144639.0
000150204 0248_ $$2sideral$$a142457
000150204 037__ $$aART-2008-142457
000150204 041__ $$aspa
000150204 100__ $$0(orcid)0000-0003-3459-5965$$aPallarés Jiménez, Miguel Ángel
000150204 245__ $$aOtro incunable zaragozano: monitoria para que los musulmanes de Aragón y Navarra derriben las zomas, de 1477, guardada en el archivo de la catedral de Huesca
000150204 260__ $$c2008
000150204 5060_ $$aAccess copy available to the general public$$fUnrestricted
000150204 540__ $$9info:eu-repo/semantics/openAccess$$aby$$uhttps://creativecommons.org/licenses/by/4.0/deed.es
000150204 655_4 $$ainfo:eu-repo/semantics/article$$vinfo:eu-repo/semantics/publishedVersion
000150204 773__ $$g118 (2008), 253-270$$pArgensola$$tArgensola$$x0518-4088
000150204 8564_ $$s924745$$uhttps://zaguan.unizar.es/record/150204/files/texto_completo.pdf$$yVersión publicada
000150204 8564_ $$s147058$$uhttps://zaguan.unizar.es/record/150204/files/texto_completo.jpg?subformat=icon$$xicon$$yVersión publicada
000150204 909CO $$ooai:zaguan.unizar.es:150204$$particulos$$pdriver
000150204 951__ $$a2025-10-17-14:30:49
000150204 980__ $$aARTICLE